| 000 | 01588nam0a2200337 4500 | ||
|---|---|---|---|
| 001 | RU\NLR\bibl\437675 | ||
| 005 | 20260407090844.0 | ||
| 010 |
_a5-85152-318-2 _91000 |
||
| 021 |
_aRU _b2003-40941 _91946 |
||
| 035 | _a(NLR Aleph) 000431453 | ||
| 090 |
_a756963 _c756963 |
||
| 100 | _a20030919d2003 |||y0rusy50 ca | ||
| 101 | 0 | _arus | |
| 102 | _aRU | ||
| 105 | _aa ||||||||| | ||
| 200 | 1 |
_aНекоммерческие организациии предпринимателей _eАналит. справ. _fУчеб. центр "Развитие" _g[Авт.-сост. В.Н. Нефедов и др.] _gПод науч. ред. доц., к.ист.н. В.Н. Нефедова |
|
| 210 |
_aН. Новгород _cИзд-во Волго-Вят. акад. гос. службы _d2003 |
||
| 215 |
_a173 с. _cил. _d20 |
||
| 320 | _aБиблиогр.: с. 97-98 (26 назв.) | ||
| 606 | 0 |
_aНекоммерческие организации _jСправочники _xЭкономика _92253486 _3RU\NLR\auth\661351550 |
|
| 606 | 0 |
_aПредпринимательство _jСправочники _yРоссийская Федерация _92073455 _3RU\NLR\auth\661248355 |
|
| 686 | _aУ29(2)я2 | ||
| 686 | _aУ9(2)-13(2Р)я2 | ||
| 686 | _aХ623.012.3я2 | ||
| 702 | 1 |
_aНефедов _bВ. Н. _gВиктор Николаевич _4220 |
|
| 712 | 0 | 2 |
_4570 _a"Развитие", учебный центр _cНижний Новгород _3RU\NLR\AUTH\8810048454 _9597035 |
| 801 | 0 |
_aRU _bNLR _c20030919 _gPSBO |
|
| 801 | 1 |
_aRU _bNLR _c20030919 |
|
| 942 | _cBOOK | ||
| 980 | _aNB | ||